Investigation of the Ukrainian famine, 1932-1933 : first interim report of meetings and hearings of and before the Commission on the Ukraine Famine, held in 1986 : ... Washington, D.C., April 23, 1986 ... Washington, D.C., October 8, 1986 ... Glen Spey, New York, October 26, 1986 ... Chicago, Illinois, November 7, 1986 ... Warren, Michigan, November 24, 1986.

Saved in:
Bibliographic Details
Corporate Author: United States. Commission on the Ukraine Famine.
Format: Book
Language:English
Published: Washington : U.S. G.P.O. : For sale by the Supt. of Docs., U.S. G.P.O., 1987.
Subjects:
Tags: Add Tag
No Tags, Be the first to tag this record!
LEADER 01487cam a2200313Ia 4500
001 001663100-5
005 20020606090541.3
008 880324s1987 dcu b f00010 eng d
035 0 |a ocm17670875 
040 |a EZF  |c EZF  |d GPO  |d HLS 
043 |a e-ur-un 
050 0 0 |a DK508.834  |b .U55 1987 
074 |a 1089 
086 0 |a Y 3.Uk 7:F 21/986 
090 |a HC337.U5  |b U65 1987x 
110 1 |a United States.  |b Commission on the Ukraine Famine. 
245 1 0 |a Investigation of the Ukrainian famine, 1932-1933 :  |b first interim report of meetings and hearings of and before the Commission on the Ukraine Famine, held in 1986 : ... Washington, D.C., April 23, 1986 ... Washington, D.C., October 8, 1986 ... Glen Spey, New York, October 26, 1986 ... Chicago, Illinois, November 7, 1986 ... Warren, Michigan, November 24, 1986. 
260 0 |a Washington :  |b U.S. G.P.O. :  |b For sale by the Supt. of Docs., U.S. G.P.O.,  |c 1987. 
300 |a viii, 172 p. ;  |c 23 cm. 
500 |a Shipping list no.: 89-192-P. 
504 |a Includes bibliographical references. 
650 0 |a Famines  |z Ukraine. 
651 0 |a Ukraine  |x History  |y 1921-1944. 
655 7 |a History.  |2 fast 
655 7 |a Interviews.  |2 fast 
655 7 |a Personal narratives.  |2 fast 
776 0 8 |i Online version:  |a United States. Commission on the Ukraine Famine.  |t Investigation of the Ukrainian famine, 1932-1933.  |d Washington : U.S. G.P.O. : For sale by the Supt. of Docs. U.S. G.P.O., 1987  |w (OCoLC)993742683 
988 |a 20020608 
906 |0 OCLC